La Opinión pública = (Die Träger der Öffentlichen Meinung) / Ernst Manheim ; traducción de Francisco Ayala
Descripción Física:
238 p. ; 24 cm
Otros Autores:
Ayala, Francisco
MARC
| LEADER | 00000nam a2200000Ia 4500 | ||
|---|---|---|---|
| 001 | 747 | ||
| 008 | 160829s1936 xx 000 0 cat d | ||
| 080 | |a M-2-61 | ||
| 100 | |a Manheim, Ernst |9 32670 | ||
| 245 | |a La Opinión pública = (Die Träger der Öffentlichen Meinung) / Ernst Manheim ; traducción de Francisco Ayala | ||
| 260 | |a Madrid : |b Ed. Revista de Derecho Privado, |c 1936 | ||
| 300 | |a 238 p. ; |c 24 cm | ||
| 490 | |a Biblioteca de la Revista de Derecho Privado. Serie H ; 3 | ||
| 650 | |a Publicitat |9 24268 | ||
| 650 | |a Opinió pública |x Alemanya |9 32671 | ||
| 700 | 1 | |a Ayala, Francisco |9 26290 | |
| 901 | |a Arxiu | ||
| 942 | |n 1 | ||
| 952 | |0 0 |1 0 |4 0 |6 M261 |7 1 |9 46066 |a Arxiu |b Arxiu |d 2016-12-01 |l 0 |o M-2-61 |p 747 |r 2016-12-01 00:00:00 |w 2016-12-01 |y ARXIU | ||
| 999 | |c 49568 |d 49568 | ||